000 00579cam a2200145 4500500
005 20260208002341.0
041 _afre
042 _adc
100 1 0 _aMeyran, Régis
_eauthor
245 0 0 _aFranck Bergerot Le Jazz dans tous ses états: histoire, styles, foyers, grandes figures. Paris, Larousse, 2001, 276 p., bibl., index, ill. (« Comprendre, reconnaître »)
260 _c2005.
500 _a86
786 0 _nL'Homme | 174 | 2 | 2005-06-01 | p. 277t-329t | 0439-4216
856 4 1 _uhttps://shs.cairn.info/revue-l-homme-2005-2-page-277t?lang=fr&redirect-ssocas=7080
999 _c1645966
_d1645966